000 00927nam a22002897a 4500
001 4816
003 FISKH
005 20250505161047.0
008 241016b cb ||||| |||| 00| 0 eng d
020 _a071009002999
040 _aFISKH
_beng
_cFISKH
_dFISKH
050 _aPZ7.G3626
082 _a581
100 _aGiff, Patricia Reilly
245 _aEmily Arrow Promises to Do Better This Year /
_cby Patricia Reilly Giff : illustrated by Blanche Sims
260 _aNew York :
_bDell Publishing ;
_c1990.
300 _a71 pages :
_billustrations ;
_c20 cm .
490 _a Kids of the Polk Street School
_v14
505 _aH
520 _aEmily wants to be perfect but something always seems to go wrong. Can she be perfect?
521 8 _a450
_bLexile
521 8 _aH
_bRaz-Plus
650 _aNew Years
_vFiction
700 _aSims, Blache
_eillustrator
942 _2ddc
_cBK
_n0
999 _c4816
_d4816